| 000 | 00920nam a22002897a 4500 | ||
|---|---|---|---|
| 001 | 8019 | ||
| 003 | FISKH | ||
| 005 | 20250819093113.0 | ||
| 008 | 250819b cb ||||| |||| 00| 0 eng d | ||
| 020 | _a9780823412389 | ||
| 040 |
_aFISKH _beng _cFISKH _dFISKH |
||
| 050 | _aQB637 .G53 | ||
| 082 | _a525.5 | ||
| 100 |
_aGibbons, Gail _d(1944-) |
||
| 245 |
_aThe seasons for seasons / _cBy Gail Gibbons |
||
| 250 | _aThis edition first published in 1995 | ||
| 260 |
_aKuala Lumpur : _bHoliday, _c1995 |
||
| 300 |
_a30 unnumbered pages : _bcolor illustrations ; _c26 cm |
||
| 505 | _aP | ||
| 520 | _aA simple description of how seasons are caused by the positions of the Earth and the Sun also discusses the delights of each of the seasons. | ||
| 521 | 8 |
_a650
_bLexile |
|
| 521 | 8 |
_aP
_bRaz-Plus |
|
| 650 |
_2Science _aSeasons |
||
| 650 |
_2Weather _aEarth science |
||
| 942 |
_2ddc _cBK _n0 |
||
| 999 |
_c8019 _d8019 |
||